تأثير اللغة العربية على اللغة الفارسية و الافادة منه فى تيسير تعليم العربية لمتكلمى الفارسية
Saved in:
| Main Author: | |
|---|---|
| Other Authors: | |
| Format: | Thesis |
| Language: | Arabic |
| Published: |
خرطوم
: معهد خرطوم دولى غة عربية،
1983
|
| Subjects: | |
| Tags: |
Add Tag
No Tags, Be the first to tag this record!
|
| LEADER | 012820000a22002890004500 | ||
|---|---|---|---|
| 001 | 89577 | ||
| 005 | 20090330134000.0 | ||
| 008 | 940203s1983 ara | ||
| 035 | |a 295966 | ||
| 035 | |a (Sirsi) 89577 | ||
| 040 | |a UIAM |b eng | ||
| 049 | |b m | ||
| 050 | 0 | 0 | |a PK6378 |
| 100 | 1 | |a حليسى، أحمد حسن | |
| 242 | 1 | 0 | |a Ta'thir al-lughah al-'Arabiyah 'ala al-lughah al-Farisiyah wa-al-ifadah minhu fi taysir ta'lim al-'Arabiyah li-mutakallimi al-Farisiyah / |c Ahmad Hasan al-Halisi; tahta ishraf Ja'far Mirghani |
| 245 | 1 | 0 | |a تأثير اللغة العربية على اللغة الفارسية و الافادة منه فى تيسير تعليم العربية لمتكلمى الفارسية |
| 260 | 1 | |a خرطوم |b : معهد خرطوم دولى غة عربية، |c 1983 | |
| 300 | |a 107 p. | ||
| 502 | |a (Dip.)-Ma'had al-Khurtum al-Dawli li al-Lughat al-'Arabiyah, 1983 | ||
| 596 | |a 1 | ||
| 650 | 0 | |a Persian language - Foreign words and phrases - Arabic | |
| 650 | 0 | |a Arabic language |x Influence on Persian | |
| 655 | 0 | 7 | |a Theses, non-IIUM |
| 700 | 1 | |a Halisi, Ahmad Hasan | |
| 900 | |a abu-khs | ||
| 999 | |c 430634 |d 462125 | ||
| 952 | |0 0 |6 T PK 006378 H173T |7 0 |8 THESES |9 749906 |a IIUM |b IIUM |c MULTIMEDIA |g 0.00 |o t PK6378H173T |p 00000295972 |r 2017-10-20 |t 1 |v 0.00 |y THESIS | ||
